Pacific crossing / (Record no. 4662)

MARC details
000 -LEADER
fixed length control field 00889nam a22002897a 4500
001 - CONTROL NUMBER
control field 4662
003 - CONTROL NUMBER IDENTIFIER
control field FISKH
005 - DATE AND TIME OF LATEST TRANSACTION
control field 20240919111925.0
008 - FIXED-LENGTH DATA ELEMENTS--GENERAL INFORMATION
fixed length control field 240919b cb ||||| |||| 00| 0 eng d
020 ## - INTERNATIONAL STANDARD BOOK NUMBER
International Standard Book Number 9780590489966
040 ## - CATALOGING SOURCE
Original cataloging agency FISKH
Language of cataloging eng
Transcribing agency FISKH
Modifying agency FISKH
050 ## - LIBRARY OF CONGRESS CALL NUMBER
Classification number PZ7.S7242
082 ## - DEWEY DECIMAL CLASSIFICATION NUMBER
Edition number 813.54
100 ## - MAIN ENTRY--PERSONAL NAME
Personal name Soto, Gary
Dates associated with a name 1952-
245 ## - TITLE STATEMENT
Title Pacific crossing /
Statement of responsibility, etc. Gary Soto
250 ## - EDITION STATEMENT
Edition statement Published in 1992
260 ## - PUBLICATION, DISTRIBUTION, ETC.
Place of publication, distribution, etc. New York :
Name of publisher, distributor, etc. Scholastic,
Date of publication, distribution, etc. 1992.
300 ## - PHYSICAL DESCRIPTION
Extent 134 pages :
Dimensions 20cm
505 ## - FORMATTED CONTENTS NOTE
Formatted contents note R<br/>
520 ## - SUMMARY, ETC.
Summary, etc. Fourteen-year-old Mexican American Lincoln Mendoza spends a summer with a host family in Japan, encountering new experiences and making new friends.
521 8# - TARGET AUDIENCE NOTE
Target audience note 750L<br/>
Source Lexile<br/>
521 8# - TARGET AUDIENCE NOTE
Target audience note R<br/>
Source Raz-Plus<br/>
650 ## - SUBJECT ADDED ENTRY--TOPICAL TERM
Source of heading or term Realistic fiction
Topical term or geographic name entry element Martial arts
Form subdivision Fiction
650 ## - SUBJECT ADDED ENTRY--TOPICAL TERM
Source of heading or term Mexican American
Topical term or geographic name entry element Multicultural
942 ## - ADDED ENTRY ELEMENTS (KOHA)
Source of classification or shelving scheme Dewey Decimal Classification
Koha item type Books
Suppress in OPAC No
Holdings
Withdrawn status Lost status Source of classification or shelving scheme Damaged status Not for loan Collection Home library Current library Shelving location Date acquired Total Checkouts Full call number Barcode Date last seen Copy number Price effective from Koha item type
    Dewey Decimal Classification     Fiction Footprints International School Library Network Toul Kork Campus Footprints International School Library Network Toul Kork Campus TTP Primary Orange Bookshelves 09/19/2024   SOT 813.54 PZ7.S7242 2024-2035 09/19/2024 1 09/19/2024 Books